000 00660cam a2200193 4500
001 ABS66892
008 030808n2003 000 0 eng u
035 _a(Sirsi) u123252
110 _aRoyal Institution of Chartered Surveyors
_bLand Consultancy Group
_94506
245 _aClimate change: as threatening as terrorism?
260 _c2003
490 _aRICS Environment Faculty Feature
_v27 July 2003 (2)
520 _aFeature illustrating the immediate effects of climate change, including on construction.
590 _aABS
650 _aCONSTRUCTION INDUSTRY
650 _aCLIMATE CHANGE
690 _aENVIRONMENTAL AND LAND CONSULTANCY
942 _n0
999 _c73204
_d73204